Chemistry problems and how to solve them. (Record no. 9266)
[ view plain ]
| 000 -LEADER | |
|---|---|
| fixed length control field | 00903cam a22002891 4500 |
| 001 - CONTROL NUMBER | |
| control field | 9266 |
| 003 - CONTROL NUMBER IDENTIFIER | |
| rucl marc code | BD-RjUL |
| 005 - DATE AND TIME OF LATEST TRANSACTION | |
| control field | 20211208234740.0 |
| 008 - FIXED-LENGTH DATA ELEMENTS--GENERAL INFORMATION | |
| fixed length control field | 140120r19591958nyua 001 0 eng d |
| 035 ## - SYSTEM CONTROL NUMBER | |
| System control number | (BD-RjUL)9311 |
| System control number | (OCoLC)1678189 |
| 040 ## - CATALOGING SOURCE | |
| Original cataloging agency | DLC |
| Transcribing agency | FM |
| Modifying agency | DLC |
| -- | BD-RjUL |
| Language of cataloging | eng |
| 041 ## - LANGUAGE CODE | |
| Language code of text/sound track or separate title | eng |
| 082 00 - DEWEY DECIMAL CLASSIFICATION NUMBER | |
| Classification number | 540.76 |
| Author mark and year | FRC 1959 |
| 100 1# - MAIN ENTRY--PERSONAL NAME | |
| Personal name | Frey, Paul Reheard. |
| 9 (RLIN) | 28731 |
| 245 00 - TITLE STATEMENT | |
| Title | Chemistry problems and how to solve them. |
| 250 ## - EDITION STATEMENT | |
| Edition statement | [5th ed.] |
| 260 ## - PUBLICATION, DISTRIBUTION, ETC. (IMPRINT) | |
| Place of publication, distribution, etc. | New York, |
| Name of publisher, distributor, etc. | Barnes & Novle |
| Date of publication, distribution, etc. | [1958] |
| 300 ## - PHYSICAL DESCRIPTION | |
| Pagination | xxi, 228 p. : |
| Illustrations | illus. |
| Size | 21 cm. |
| 500 ## - GENERAL NOTE | |
| General note | First published n 1938 under title: An outline of Mathematics and problems for students of general chemistry. |
| 504 ## - BIBLIOGRAPHY, ETC. NOTE | |
| Bibliography, etc | Includes index. |
| 650 #0 - SUBJECT ADDED ENTRY--TOPICAL TERM | |
| Topical term or geographic name as entry element | Chemistry |
| General subdivision | Problems, exercises, etc. |
| 9 (RLIN) | 28773 |
| 942 ## - ADDED ENTRY ELEMENTS (KOHA) | |
| Source of classification or shelving scheme | Dewey Decimal Classification |
| Koha item type | Books |
| Lost status | Source of classification or shelving scheme | Damaged status | Not for loan | Collection code | Permanent Location | Current Location | Shelving location | Date acquired | Source of acquisition | Total Checkouts | Full call number | Date last seen | Copy number | Koha item type |
|---|---|---|---|---|---|---|---|---|---|---|---|---|---|---|
| Dewey Decimal Classification | Not For Loan | Non-fiction | Central Library, University of Rajshahi | Central Library, University of Rajshahi | Reading Room | 25/02/1957 | Puthia Rajestut, Gift | 540.76 FRC 1959 | 20/01/2014 | C-1 | Books |